000 00416cam a22001455a 4500
001 J100919
008 000000s1926 xxk 000 0 eng u
035 _a(Sirsi) u100919
110 _aAuctioneers' and Estate Agents' Institute of the United Kingdom
_93789
245 _aLibrary catalogue. Part 2, building 1926.
260 _c1926
651 4 _aUnited Kingdom
_y
690 _aBusiness and management
942 _n0
999 _c99922
_d99922